| 000 | 01486nam a2200373Ia 4500 | ||
|---|---|---|---|
| 001 | ebr10608633 | ||
| 003 | CaPaEBR | ||
| 006 | m u | ||
| 007 | cr cn||||||||| | ||
| 008 | 111205s2012 gw a sb 001 0 eng d | ||
| 020 | _z3527328505 (pbk.) | ||
| 020 | _z9783527328505 (pbk.) | ||
| 020 | _z9783527644520 | ||
| 040 |
_aCaPaEBR _cCaPaEBR |
||
| 035 | _a(OCoLC)784138377 | ||
| 050 | 1 | 4 |
_aQH324.9.N8 _bN67 2012eb |
| 082 | 0 | 4 |
_a572 _223 |
| 245 | 0 | 0 |
_aNMR of biomolecules _h[electronic resource] : _btowards mechanistic systems biology / _cedited by Ivano Bertini, Kathleen S. McGreevy, and Giacomo Parigi. |
| 246 | 3 | _aNuclear magnetic resonance of biomolecules | |
| 260 |
_aWeinheim : _bWiley-VCH ; _aChichester : _bJohn Wiley [distributor], _c2012. |
||
| 300 |
_axxviii, 612 p. : _bill. |
||
| 504 | _aIncludes bibliographic references and index. | ||
| 533 |
_aElectronic reproduction. _bPalo Alto, Calif. : _cebrary, _d2011. _nAvailable via World Wide Web. _nAccess may be limited to ebrary affiliated libraries. |
||
| 650 | 0 | _aBiomolecules. | |
| 650 | 0 | _aBiological systems. | |
| 650 | 0 | _aNuclear magnetic resonance spectroscopy. | |
| 650 | 0 | _aSystems biology. | |
| 655 | 7 |
_aElectronic books. _2local |
|
| 700 | 1 | _aBertini, Ivano. | |
| 700 | 1 | _aMcGreevy, Kathleen S. | |
| 700 | 1 | _aParigi, Giacomo. | |
| 710 | 2 | _aebrary, Inc. | |
| 856 | 4 | 0 |
_uhttp://site.ebrary.com/lib/rucke/Doc?id=10608633 _zAn electronic book accessible through the World Wide Web; click to view |
| 999 |
_c97858 _d97858 |
||